Vlaggen van Landen die beginnen met D - Statistieken

Algemene statistieken
  • Deze quiz is 3.150 keer genomen
  • De gemiddelde score is 5 van 6
Antwoordstatistieken
Foto Antwoord % Correct
Duitsland
99%
Denemarken
97%
Dominicaanse Republiek
85%
Democratische Republiek Congo
80%
Djibouti
79%
Dominica
74%
Geen overeenkomende quizzen gevonden
Scoreverdeling
Procent van Mensen met Elke Score
Percentiel versus Aantal Correcte Antwoorden
Uw Scoregeschiedenis
U heeft deze quiz nog niet genomen